<?xml version="1.0" encoding="UTF-8"?>
<collection xmlns="http://www.loc.gov/MARC21/slim">
 <record>
  <leader>04218ntm a22005057i 4500</leader>
  <controlfield tag="001">000698540</controlfield>
  <controlfield tag="003">CZ-PrVSE</controlfield>
  <controlfield tag="005">20230610093205.0</controlfield>
  <controlfield tag="006">m        d</controlfield>
  <controlfield tag="007">cr n||||||||||</controlfield>
  <controlfield tag="008">230610s2023    xr     fsbm   000 0 cze d</controlfield>
  <datafield tag="STA" ind1=" " ind2=" ">
   <subfield code="a">NEZPRACOVANÝ IMPORT</subfield>
  </datafield>
  <datafield tag="040" ind1=" " ind2=" ">
   <subfield code="a">ABA006</subfield>
   <subfield code="b">cze</subfield>
   <subfield code="c">ABA006</subfield>
   <subfield code="d">ABA006</subfield>
   <subfield code="e">rda</subfield>
  </datafield>
  <datafield tag="100" ind1="1" ind2=" ">
   <subfield code="a">Vystrčilová, Markéta</subfield>
   <subfield code="%">ISIS:121904</subfield>
   <subfield code="4">dis</subfield>
  </datafield>
  <datafield tag="242" ind1="1" ind2="0">
   <subfield code="a">Optimize of ETF portfolio with Robo-advisory</subfield>
   <subfield code="y">eng</subfield>
  </datafield>
  <datafield tag="245" ind1="1" ind2="0">
   <subfield code="a">Optimalizace portfolia ETF pomocí služby Robo-advisory /</subfield>
   <subfield code="c">Markéta Vystrčilová</subfield>
  </datafield>
  <datafield tag="264" ind1=" " ind2="0">
   <subfield code="c">2023</subfield>
  </datafield>
  <datafield tag="300" ind1=" " ind2=" ">
   <subfield code="a">?? stran :</subfield>
   <subfield code="3">digital, PDF soubor</subfield>
  </datafield>
  <datafield tag="500" ind1=" " ind2=" ">
   <subfield code="a">Vedoucí práce: Adam Borovička</subfield>
  </datafield>
  <datafield tag="502" ind1=" " ind2=" ">
   <subfield code="a">Diplomová práce (Ing.)—Vysoká škola ekonomická v Praze. Fakulta informatiky a statistiky, 2023</subfield>
  </datafield>
  <datafield tag="504" ind1=" " ind2=" ">
   <subfield code="a">Obsahuje bibliografii</subfield>
  </datafield>
  <datafield tag="516" ind1=" " ind2=" ">
   <subfield code="a">Textový (vysokoškolská kvalifikační práce)</subfield>
  </datafield>
  <datafield tag="518" ind1=" " ind2=" ">
   <subfield code="a">Rok obhajoby 2023</subfield>
  </datafield>
  <datafield tag="520" ind1="3" ind2=" ">
   <subfield code="a">Diplomová práce se zabývá procesem optimalizace portfolia v rámci služby Robo Advisory (Robo poradce). V dnešní době se mnoho mladých lidí snaží zhodnotit své investiční prostředky. Kvůli vysokým poplatkům a vysokým vstupním investicím u klasických investičních společností jsou tyto produkty často mimo jejich možnosti. Robo Advisory, kteří jsou v dnešní době stále rozšířenější, nabízí investování prostřednictvím ETF bez vysokých poplatků a s minimálními vstupními investicemi. Automatizace investičního procesu a absence lidského faktoru v podobě portfolio manažerů přispívá k nižším poplatkům. Robo Advisory navíc nabízejí možnost neustálé kontroly svého portfolia i investování z pohodlí domova díky online aplikaci, kterou si investor může stáhnout do svého chytrého telefonu. Metody a algoritmy, které se uvnitř Robo Advisory používají jsou velmi specifické (existuje pouze omezené množství „White Papers“, které přibližují fungování některých Robo Advisory). Všechny tyto faktory mě vedli k tomu, abych prozkoumala teoretický aspekt Robo Advisory a pokusila se vytvořit model optimalizace vhodný pro službu Robo Advisory. Cílem této diplomové práce je vytvořit, pomocí metody Black-Litterman, model optimalizace portfolia, který bude vyžadovat pouze minimum expertních vstupů. Výsledné optimální portfolio pomocí metody Black-Litterman jsem porovnala s optimalizovaným Minimum variance portfoliem (portfolio s minimálním rozptylem), Maximum return portfoliem (portfolio s maximálním výnosem), Mean-Variance portfoliem, referenčním (indexovým) portfoliem a s tradičním přístupem optimalizace portfolia, který využívají portfolio manažeři (podvažování a nadvažování vah jednotlivých sektorových indexů). Získané výsledky potvrdily, že optimalizace portfolia s využitím Black-Littermannova modelu poskytuje vyš</subfield>
  </datafield>
  <datafield tag="520" ind1="8" ind2=" ">
   <subfield code="a">Dalším zajímavým zjištěním bylo, že generování investičních názorů (jedná se o jeden ze vstupů do modelu Black-Litterman) prostřednictvím ekonomických cyklů nám poskytuje daleko vyšší výnos, než pokud bychom investiční názory uvažovali jako náhodné. Model je vypracovaný v systému R studio.</subfield>
  </datafield>
  <datafield tag="538" ind1=" " ind2=" ">
   <subfield code="a">Způsob přístupu: Internet</subfield>
  </datafield>
  <datafield tag="653" ind1="0" ind2=" ">
   <subfield code="a">ekonometrie a operační výzkum [obor dipl. práce]</subfield>
  </datafield>
  <datafield tag="655" ind1=" " ind2="7">
   <subfield code="a">diplomové práce</subfield>
   <subfield code="7">fd132022</subfield>
   <subfield code="2">czenas</subfield>
  </datafield>
  <datafield tag="655" ind1=" " ind2="9">
   <subfield code="a">master's theses</subfield>
   <subfield code="2">eczenas</subfield>
  </datafield>
  <datafield tag="690" ind1=" " ind2=" ">
   <subfield code="a">ETF</subfield>
  </datafield>
  <datafield tag="690" ind1=" " ind2=" ">
   <subfield code="a">alokace aktiv</subfield>
  </datafield>
  <datafield tag="690" ind1=" " ind2=" ">
   <subfield code="a">Robo-advisor</subfield>
  </datafield>
  <datafield tag="700" ind1="1" ind2=" ">
   <subfield code="a">Borovička, Adam</subfield>
   <subfield code="%">ISIS:42042</subfield>
   <subfield code="4">ths</subfield>
  </datafield>
  <datafield tag="700" ind1="1" ind2=" ">
   <subfield code="a">Daniel, Marek</subfield>
   <subfield code="%">ISIS:118797</subfield>
   <subfield code="4">opn</subfield>
  </datafield>
  <datafield tag="710" ind1="2" ind2=" ">
   <subfield code="a">Vysoká škola ekonomická v Praze.</subfield>
   <subfield code="b">Fakulta informatiky a statistiky</subfield>
   <subfield code="7">kn20010709399</subfield>
   <subfield code="4">dgg</subfield>
  </datafield>
  <datafield tag="856" ind1="4" ind2="0">
   <subfield code="u">https://insis.vse.cz/zp/78866/podrobnosti</subfield>
   <subfield code="y">VŠKP v InSIS</subfield>
  </datafield>
  <datafield tag="856" ind1="4" ind2="0">
   <subfield code="u">https://insis.vse.cz/zp/78866</subfield>
   <subfield code="y">Hlavní práce</subfield>
  </datafield>
  <datafield tag="856" ind1="4" ind2="0">
   <subfield code="u">https://insis.vse.cz/zp/78866/posudek/vedouci</subfield>
   <subfield code="y">Hodnocení vedoucího</subfield>
  </datafield>
  <datafield tag="856" ind1="4" ind2="0">
   <subfield code="u">https://insis.vse.cz/zp/78866/posudek/oponent/78768</subfield>
   <subfield code="y">Oponentura</subfield>
  </datafield>
  <datafield tag="999" ind1="4" ind2="0">
   <subfield code="u">https://insis.vse.cz/zp/78866/podrobnosti</subfield>
   <subfield code="y">dc:identifier</subfield>
  </datafield>
  <datafield tag="993" ind1=" " ind2=" ">
   <subfield code="x">NEPOSILAT</subfield>
   <subfield code="y">VSKP</subfield>
  </datafield>
  <datafield tag="999" ind1="4" ind2="9">
   <subfield code="a">vse78866</subfield>
   <subfield code="b">230609</subfield>
  </datafield>
  <datafield tag="999" ind1="4" ind2="5">
   <subfield code="x">78866</subfield>
  </datafield>
 </record>
</collection>
